| 000 | 00771nam0a2200241 4500 | ||
|---|---|---|---|
| 001 | RU\NLR\BIBL_A\022443076 | ||
| 005 | 20250806203208.0 | ||
| 035 | _a(NLR Aleph) 022443076 | ||
| 090 |
_a83968 _c83968 |
||
| 100 | _a20250203d1945 u y0rusy50 ca | ||
| 101 | 0 | _aarm | |
| 102 | _aAM | ||
| 105 | _ac z 000yy | ||
| 200 | 1 |
_aՊատմվածքներ _fԱ. Չեխով |
|
| 210 |
_aԵրևան _cՀայպետհրատ _d1945 |
||
| 215 |
_a171, [4] с. _d14 |
||
| 541 | 1 |
_6z01790 _aРассказы _zrus |
|
| 700 | 1 |
_aՉեխով _bԱ. Պ. _gԱնտոն Պավլոիչ _4070 |
|
| 790 | 1 |
_6z01541 _aЧехов _bА.П. _f1860-1904 _gАнтон Павлович _4070 |
|
| 942 | _cBOOK | ||
| 945 | _aРоссийская национальная библиотека | ||
| 980 | _aBV | ||